| 000 | 01911nam a2200265Ia 4500 | ||
|---|---|---|---|
| 003 | Ost | ||
| 005 | 20260507075620.0 | ||
| 008 | 260507s9999||||xx |||||||||||||| ||und|| | ||
| 020 | _a9789947780398 | ||
| 040 | _cfsecg | ||
| 041 | _aara | ||
| 082 | _a332.46 | ||
| 100 |
_aزيرار، سمية _eمؤلف |
||
| 245 | 0 |
_aالمالية الدولية بين السياسات والنظم المختلفة / _c سمية زيرار |
|
| 260 |
_aالجزائر: _bالنشر الجامعي الجديد, _c2020 |
||
| 300 |
_a163 صفحة؛ _bإيضاحات ؛ _c24 سم |
||
| 504 | _aالمراجع ص.161 | ||
| 520 | _aيشرح الكتاب المبادئ الأساسية في المالية الدولية، حيث يستتهل بتطور النظام النقدي الدولي قبل وبعد مؤتمر Bretton woods، وأهم المؤسسات الداعمة له، كما يتطرق إلى شرح سعر الصرف وأهم النظريات المحددة له، إلى جانب تحليل مكونات وعناصر ميزان المدفوعات وتوضيح العلاقة الرابطة بين سعر الصرف وميزان المدفوعات كأهم الأركان الأساسية في المالية الدولية. يسعى الكتاب أيضا الى شرح نموذج التوازن الاقتصادي الكلي ل ـ Mundell Fleming ، الذي يبين كيفية تطبيق السياسات الاقتصادية في ضل اختلاف أنظمة الصرف، في الأخير يتم دراسة الوحدة النقدية الأوروبية ومعالجة قضية خروج ابريطانيا منها. | ||
| 653 | _aأسعار الصرف | ||
| 653 | _aالمالية الدولية | ||
| 653 | _aالمنظمة العالمية للتجارة | ||
| 653 | _aالنظام النقدي الدولي | ||
| 700 |
_aموساوي، محمد _eمؤلف ثانوي |
||
| 942 | _cكتاب | ||
| 999 |
_c45134 _d45134 |
||